[Event "Karlsruhe Grenke op"]
[Site "Karlsruhe"]
[Date "2025.04.19"]
[Round "4"]
[White "Yankelevich, Lev"]
[Black "Muradli, Mahammad"]
[Result "0-1"]
[WhiteElo "2413"]
[BlackElo "2588"]
[PlyCount "164"]
[EventDate "2025.04.17"]
[EventType "swiss"]
[EventRounds "9"]
[EventCountry "GER"]
[SourceTitle "CB17_2025"]
[SourceDate "2025.04.23"]
[SourceVersion "1"]
[SourceVersionDate "2025.04.23"]
[SourceQuality "1"]

1. d4 Nf6 2. c4 e6 3. Nf3 d5 4. Nc3 c5 5. cxd5 Nxd5 6. e4 Nxc3 7. bxc3 cxd4 8. cxd4 Bb4+ 9. Bd2 Bxd2+ 10. Qxd2 0-0 11. Bc4 Nd7 12. 0-0 b6 13. d5 Nc5 14. Qd4 Bb7 15. Rad1 Qf6 16. Qxf6 gxf6 17. Nd4 e5 18. Nf5 Nxe4 19. Rfe1 Nc5 20. f4 Rfe8 21. Bb5 Red8 22. fxe5 fxe5 23. Rxe5 Kf8 24. d6 a6 25. Bc4 Be4 26. Rf1 Ra7 27. Ne7 f5 28. Nxf5 Bxf5 29. Rfxf5+ Kg7 30. Rg5+ Kh6 31. Rh5+ Kg7 32. Rhg5+ Kh6 33. g4 Rxd6 34. Rg8 Rg7 35. g5+ Kg6 36. Rxg7+ Kxg7 37. Bd5 Kg6 38. Kg2 Nd3 39. Be4+ Kh5 40. Bxd3 Rxd3 41. Re6 Kxg5 42. Rxb6 Rd2+ 43. Kg3 Rxa2 44. h4+ Kh5 45. Rb3 Ra4 46. Rb7 h6 47. Rb6 Rg4+ 48. Kf3 Rg6 49. Rb4 Rg7 50. Rb6 Ra7 51. Rb4 a5 52. Ra4 Kg6 53. Ke4 Kf6 54. Kd5 Kf5 55. Kc6 h5 56. Kb6 Ra8 57. Kb7 Rg8 58. Kc6 Rg6+ 59. Kc7 Ra6 60. Kb7 Rf6 61. Kc7 Ra6 62. Kb7 Rg6 63. Kc7 Rf6 64. Kb7 Kg6 65. Rxa5 Rf4 66. Kc6 Rxh4 67. Kd5 Rf4 68. Ra8 Kf5 69. Rg8 h4 70. Rh8 Ra4 71. Rh7 Kg4 72. Rg7+ Kf3 73. Rb7 h3 74. Rb3+ Kg4 75. Rb2 Ra3 76. Ke4 Kg3 77. Rb1 h2 78. Rc1 Ra2 79. Ke3 Kg2 80. Rc8 Ra3+ 81. Ke2 h1Q 82. Rg8+ Rg3 0-1

[Event "Keres Memorial rap 34th"]
[Site "Tallinn"]
[Date "2025.01.19"]
[Round "10"]
[White "Yankelevich, Lev"]
[Black "Petrov, Dmitri"]
[Result "1-0"]
[WhiteElo "2413"]
[BlackElo "2138"]
[PlyCount "69"]
[EventDate "2025.01.18"]
[EventType "swiss (rapid)"]
[EventRounds "11"]
[EventCountry "EST"]
[SourceTitle "CB05_2025"]
[SourceDate "2025.01.29"]
[SourceVersion "1"]
[SourceVersionDate "2025.01.29"]
[SourceQuality "1"]

1. d4 d5 2. c4 c6 3. Nf3 Nf6 4. Nc3 a6 5. g3 b5 6. cxd5 cxd5 7. Bg2 e6 8. 0-0 Be7 9. Ne5 Bb7 10. Bf4 0-0 11. Rc1 Nbd7 12. Nd3 Qb6 13. e3 Rfc8 14. b4 a5 15. a3 axb4 16. axb4 Ra3 17. Nc5 Bc6 18. Qc2 Rca8 19. Qb2 Qa7 20. Qe2 Qb6 21. Rfd1 h6 22. h4 Bxc5 23. dxc5 Qb7 24. g4 Rb3 25. g5 hxg5 26. hxg5 Ne4 27. Nxe4 dxe4 28. Qh5 e5 29. Bg3 Rxb4 30. Bh3 Rc4 31. Kg2 Rxc1 32. Rxc1 Kf8 33. Qh8+ Ke7 34. Qxg7 Rg8 35. Qxg8 1-0

[Event "Keres Memorial rap 34th"]
[Site "Tallinn"]
[Date "2025.01.18"]
[Round "3"]
[White "Krivenko, Dion"]
[Black "Yankelevich, Lev"]
[Result "1-0"]
[WhiteElo "2248"]
[BlackElo "2413"]
[PlyCount "155"]
[EventDate "2025.01.18"]
[EventType "swiss (rapid)"]
[EventRounds "11"]
[EventCountry "EST"]
[SourceTitle "CB05_2025"]
[SourceDate "2025.01.29"]
[SourceVersion "1"]
[SourceVersionDate "2025.01.29"]
[SourceQuality "1"]

1. Nc3 c5 2. d4 cxd4 3. Qxd4 Nc6 4. Qd3 g6 5. e4 Bg7 6. Nf3 Nf6 7. Be2 0-0 8. 0-0 d6 9. Nd5 Bg4 10. c3 Nd7 11. Bg5 Re8 12. Qe3 Rc8 13. Rfd1 a6 14. h3 Bxf3 15. Bxf3 Nce5 16. Be2 Nc4 17. Bxc4 Rxc4 18. b3 Rc6 19. Rac1 b5 20. Qa7 h6 21. Bxe7 Qc8 22. c4 Kh7 23. Bh4 g5 24. Bg3 Rxe4 25. Re1 Rxe1+ 26. Rxe1 bxc4 27. bxc4 Rxc4 28. Re7 Rc1+ 29. Kh2 Ne5 30. Bxe5 Bxe5+ 31. f4 gxf4 32. Rxf7+ Kg6 33. Ne7+ Kxf7 34. Nxc8+ Kg6 35. Ne7+ Kh5 36. Qf2 Kg5 37. Qf3 Re1 38. Nd5 Kf5 39. a4 Ke6 40. a5 Kf5 41. h4 Ra1 42. Qd3+ Ke6 43. Nb4 f3+ 44. g3 f2 45. Qg6+ Bf6 46. Qe4+ Be5 47. Qg6+ Bf6 48. Qe4+ Be5 49. Qg4+ Kf6 50. Qf3+ Ke6 51. Qxf2 Rxa5 52. Nd3 Rb5 53. Qa2+ Kd7 54. Nxe5+ Rxe5 55. Qxa6 h5 56. Qb7+ Ke6 57. Qc8+ Kf6 58. Qd8+ Ke6 59. Qg8+ Kf5 60. Qf7+ Ke4 61. Qg6+ Kd5 62. Kg2 Kc5 63. Qc2+ Kd4 64. Qd2+ Kc5 65. Kf3 Rf5+ 66. Ke4 Re5+ 67. Kf4 Rd5 68. Qc3+ Kb5 69. g4 hxg4 70. Kxg4 Rc5 71. Qb3+ Kc6 72. h5 d5 73. h6 Rc4+ 74. Kg5 Rc1 75. Qa4+ Kb6 76. Qd4+ Kc6 77. h7 Rg1+ 78. Qxg1 1-0

[Event "EU-ch 24th"]
[Site "Petrovac"]
[Date "2024.11.11"]
[Round "4"]
[White "Sanal, Vahap"]
[Black "Yankelevich, Lev"]
[Result "1/2-1/2"]
[WhiteElo "2561"]
[BlackElo "2417"]
[PlyCount "98"]
[EventDate "2024.11.08"]
[EventType "swiss"]
[EventRounds "11"]
[EventCountry "MNE"]
[SourceTitle "CB47_2024"]
[SourceDate "2024.11.20"]
[SourceVersion "1"]
[SourceVersionDate "2024.11.20"]
[SourceQuality "1"]

1. Nf3 d5 2. d4 Nf6 3. c4 e6 4. e3 a6 5. b3 b6 6. Bb2 Bd6 7. Nbd2 Bb7 8. Bd3 Ne4 9. 0-0 Nd7 10. Qc2 Ndf6 11. b4 Nxd2 12. Nxd2 dxc4 13. Nxc4 Nd5 14. a3 Qh4 15. g3 Qh3 16. Be4 f5 17. Bh1 0-0 18. Rae1 Rac8 19. f3 Nf6 20. Bg2 Qh5 21. Qb3 b5 22. Na5 Bd5 23. Qc2 Qg6 24. Rf2 Ba8 25. Nc6 Nd5 26. Ne5 Bxe5 27. dxe5 Nb6 28. Bd4 Bd5 29. Rc1 Nc4 30. a4 Rfd8 31. Bf1 Qe8 32. Bd3 Nb6 33. a5 Nc4 34. Qc3 Qg6 35. Rcf1 h5 36. Rg2 Rd7 37. Bb1 Rcd8 38. h4 Rf7 39. Kh2 Rfd7 40. Bc2 Kh8 41. Rgf2 Rg8 42. Bc5 Rgd8 43. Bd4 Rg8 44. Rg1 Qh6 45. e4 fxe4 46. fxe4 Bc6 47. Rgf1 Qg6 48. Rf4 Kh7 49. R1f2 Rgd8 1/2-1/2

[Event "EU-Cup 39th"]
[Site "Vrnjacka Banja"]
[Date "2024.10.21"]
[Round "2.1"]
[White "Seitaj, Ilir"]
[Black "Yankelevich, Lev"]
[Result "1/2-1/2"]
[WhiteElo "2315"]
[BlackElo "2427"]
[PlyCount "90"]
[EventDate "2024.10.20"]
[EventType "team-swiss"]
[EventRounds "7"]
[EventCountry "SRB"]
[SourceTitle "CB44_2024"]
[Source "Chessbase"]
[SourceDate "2024.10.30"]
[SourceVersion "1"]
[SourceVersionDate "2024.10.30"]
[SourceQuality "1"]
[WhiteTeam "Butrinti"]
[BlackTeam "Differdange"]
[WhiteTeamCountry "KOS"]
[BlackTeamCountry "LUX"]

1. e4 e5 2. Nf3 Nc6 3. Nc3 Nf6 4. Bb5 Bd6 5. a3 0-0 6. 0-0 Re8 7. d3 h6 8. Re1 Bc5 9. h3 Nd4 10. Bc4 c6 11. Ba2 a5 12. Nxd4 Bxd4 13. Ne2 Bc5 14. Ng3 d6 15. Qf3 Be6 16. Nf5 Nh7 17. c3 Qf6 18. Be3 Bxe3 19. Rxe3 Rad8 20. Bxe6 fxe6 21. Ng3 Qxf3 22. Rxf3 Nf6 23. d4 exd4 24. cxd4 d5 25. Re1 dxe4 26. Nxe4 Nxe4 27. Rxe4 Rd5 28. a4 Re7 29. g4 Rf7 30. Rfe3 Rfd7 31. Rxe6 Rxd4 32. b3 Rd3 33. Kg2 Rxe3 34. Rxe3 Rd4 35. Kg3 Rb4 36. f4 Kf7 37. f5 b5 38. Rc3 bxa4 39. bxa4 Rxa4 40. Rxc6 Ra3+ 41. Kh4 a4 42. Ra6 g5+ 43. fxg6+ Kg7 44. g5 hxg5+ 45. Kxg5 Rxh3 1/2-1/2

[Event "Galdar op"]
[Site "Galdar"]
[Date "2024.09.08"]
[Round "8"]
[White "Yankelevich, Lev"]
[Black "Beerdsen, Thomas"]
[Result "1/2-1/2"]
[WhiteElo "2420"]
[BlackElo "2509"]
[PlyCount "27"]
[EventDate "2024.09.02"]
[EventType "swiss"]
[EventRounds "9"]
[EventCountry "ESP"]
[SourceTitle "EXT 2025"]
[Source "ChessBase"]
[SourceDate "2024.10.14"]
[SourceVersion "1"]
[SourceVersionDate "2024.10.14"]
[SourceQuality "1"]

1. d4 d5 2. c4 e6 3. Nc3 Nf6 4. Bg5 Be7 5. e3 0-0 6. Nf3 Nbd7 7. Qc2 h6 8. Bh4 c5 9. cxd5 Nxd5 10. Bxe7 Qxe7 11. Nxd5 exd5 12. dxc5 Nxc5 13. Be2 Bg4 14. 0-0 1/2-1/2

[Event "Galdar op"]
[Site "Galdar"]
[Date "2024.09.07"]
[Round "7"]
[White "Gil Alba, Hector Luis"]
[Black "Yankelevich, Lev"]
[Result "0-1"]
[WhiteElo "2292"]
[BlackElo "2420"]
[PlyCount "159"]
[EventDate "2024.09.02"]
[EventType "swiss"]
[EventRounds "9"]
[EventCountry "ESP"]
[SourceTitle "EXT 2025"]
[Source "ChessBase"]
[SourceDate "2024.10.14"]
[SourceVersion "1"]
[SourceVersionDate "2024.10.14"]
[SourceQuality "1"]

1. d4 Nf6 2. Nf3 b6 3. g3 Bb7 4. Bg2 g6 5. 0-0 Bg7 6. c4 0-0 7. d5 Na6 8. Nc3 Nc5 9. Be3 a5 10. Qc1 Re8 11. Rd1 Qb8 12. Bf4 d6 13. Bh6 e5 14. dxe6 fxe6 15. Bxg7 Kxg7 16. Rd4 Re7 17. Rh4 Qf8 18. Ng5 Bxg2 19. Kxg2 Kg8 20. Qe3 Qg7 21. Rb1 Rf8 22. Nge4 Nfxe4 23. Nxe4 Qe5 24. f3 d5 25. Qg5 Qxg5 26. Nxg5 Rf5 27. Nh3 dxc4 28. Rxc4 Rd5 29. Rbc1 Red7 30. R1c2 Rd4 31. Rxd4 Rxd4 32. Kf2 Rd1 33. Nf4 Kf7 34. Ng2 Ke7 35. Ne3 Ra1 36. b3 Na6 37. Ng4 Rd1 38. Ne5 g5 39. h4 gxh4 40. gxh4 Kf6 41. Ng4+ Ke7 42. Ne5 Kf6 43. Ng4+ Ke7 44. Ne5 Nc5 45. Nc4 Rh1 46. Nxa5 Rxh4 47. Nb7 Na6 48. Rd2 Rf4 49. Rd8 Rf8 50. Rxf8 Kxf8 51. Nd8 Ke7 52. Nc6+ Kd6 53. Nd4 c5 54. Nb5+ Kc6 55. Nc3 Nb4 56. a4 Nc2 57. Ne4 Nd4 58. Nd2 b5 59. axb5+ Kxb5 60. e3 Nc2 61. f4 Kb4 62. e4 Nd4 63. Nf3 Nc6 64. Nd2 Kc3 65. Ke3 Nd4 66. e5 Nf5+ 67. Ke2 h5 68. Ne4+ Kd4 69. Nd6 Ne7 70. Kf3 Kd5 71. Ne4 h4 72. Nf6+ Kd4 73. Nd7 Ng6 74. Nb8 h3 75. Nc6+ Kd5 76. Na5 Nxf4 77. Kg3 Kxe5 78. b4 cxb4 79. Nc6+ Ke4 80. Nxb4 0-1

[Event "Titled Tuesday intern op 23rd Jul Early"]
[Site "Chess.com INT"]
[Date "2024.07.23"]
[Round "3"]
[White "Lazavik, Denis"]
[Black "Yankelevich, Lev"]
[Result "1-0"]
[WhiteElo "2578"]
[BlackElo "2416"]
[PlyCount "203"]
[EventDate "2024.07.23"]
[EventType "swiss (blitz)"]
[EventRounds "11"]
[EventCountry "USA"]
[SourceTitle "EXT 2025"]
[Source "ChessBase"]
[SourceDate "2024.10.14"]
[SourceVersion "1"]
[SourceVersionDate "2024.10.14"]
[SourceQuality "1"]

1. d4 Nf6 2. c4 e6 3. Nf3 d5 4. g3 Be7 5. Bg2 0-0 6. Qd3 c5 7. 0-0 Nc6 8. cxd5 exd5 9. dxc5 Bxc5 10. Nc3 Be6 11. Bg5 h6 12. Bxf6 Qxf6 13. Nxd5 Bxd5 14. Qxd5 Bb6 15. Qb5 Rfe8 16. e3 Rad8 17. Rfd1 Rxd1+ 18. Rxd1 Rd8 19. Rc1 Rd6 20. a3 Qd8 21. Qe2 a6 22. h4 Qd7 23. Rc2 Bd8 24. Nd2 Bf6 25. Ne4 Rd1+ 26. Kh2 Be7 27. Rd2 Rxd2 28. Qxd2 Qe6 29. Nc3 b5 30. Nd5 Bf8 31. Nf4 Qf6 32. Be4 Ne5 33. Nd5 Qe6 34. Bg2 Nc4 35. Qd4 Qe5 36. Qxe5 Nxe5 37. Bf1 g5 38. hxg5 hxg5 39. Nc7 Nf3+ 40. Kg2 Ne1+ 41. Kg1 Bg7 42. b3 Bb2 43. Nxa6 Nf3+ 44. Kg2 Ne1+ 45. Kh3 Bxa3 46. Bxb5 Kg7 47. Nc7 Nf3 48. Bc6 Ne5 49. Bd5 Kf6 50. Nb5 Bb2 51. Kg2 Ke7 52. Nd4 Kd6 53. Be4 f6 54. Nc2 Kc5 55. Kf1 Bc3 56. Ke2 Ba5 57. f4 gxf4 58. gxf4 Nd7 59. Bf5 Nb6 60. Be6 Kd6 61. Bc4 Bc3 62. Kd3 Bb2 63. Nd4 Nd7 64. b4 Ba3 65. Nc2 Bb2 66. Ke4 Nb6 67. Bb3 Nd7 68. Kd3 Bc1 69. Nd4 Nb8 70. Nf5+ Kc6 71. Kc4 Bb2 72. Ba4+ Kb6 73. Bb5 Bc1 74. Ne7 Kc7 75. Nd5+ Kd6 76. e4 Bd2 77. Kd3 Bc1 78. Ke2 Bb2 79. Kf3 Bc1 80. Kg4 Bb2 81. Kf5 Ba1 82. Nxf6 Bc3 83. Nd5 Ba1 84. Bc4 Nc6 85. e5+ Kd7 86. Bb5 Bb2 87. Bxc6+ Kxc6 88. Ke6 Bc1 89. f5 Bg5 90. f6 Bh6 91. f7 Kb5 92. Kd7 Kc4 93. e6 Kxd5 94. e7 Kc4 95. e8Q Kxb4 96. f8Q+ Kc3 97. Qxh6 Kd3 98. Qh3+ Kc4 99. Qe4+ Kc5 100. Qc3+ Kb6 101. Qeb4+ Ka6 102. Qca3# 1-0

[Event "Titled Tuesday intern op 23rd Jul Early"]
[Site "Chess.com INT"]
[Date "2024.07.23"]
[Round "8"]
[White "Yankelevich, Lev"]
[Black "Asensio Ramos, Enrique Fernando"]
[Result "1/2-1/2"]
[WhiteElo "2416"]
[BlackElo "2215"]
[PlyCount "157"]
[EventDate "2024.07.23"]
[EventType "swiss (blitz)"]
[EventRounds "11"]
[EventCountry "USA"]
[SourceTitle "EXT 2025"]
[Source "ChessBase"]
[SourceDate "2024.10.14"]
[SourceVersion "1"]
[SourceVersionDate "2024.10.14"]
[SourceQuality "1"]

1. e4 c6 2. d4 d5 3. exd5 cxd5 4. Bd3 Nc6 5. c3 Nf6 6. h3 g6 7. Nf3 Bf5 8. Ne5 a6 9. 0-0 Bxd3 10. Qxd3 e6 11. Nd2 Be7 12. Re1 0-0 13. Ndf3 Ne4 14. Bf4 Bf6 15. Qe2 Nxe5 16. dxe5 Bg7 17. Nd4 Rc8 18. Qe3 Qb6 19. Re2 Rfe8 20. h4 Nc5 21. h5 Na4 22. Bh6 Qd8 23. g3 Nb6 24. Kg2 Nc4 25. Qf4 Qe7 26. Rh1 Qf8 27. Bg5 Nxe5 28. h6 Bh8 29. Rxe5 f6 30. Rxe6 fxg5 31. Qxg5 Qf7 32. Qxd5 Rxe6 33. Qxe6 Re8 34. Qxf7+ Kxf7 35. Rd1 a5 36. Rd2 Bf6 37. Nb5 Re7 38. Nd6+ Kf8 39. Kf3 Bg5 40. Rd3 Bxh6 41. Ne4 Rf7+ 42. Ke2 Re7 43. f3 Bg7 44. Rd8+ Kf7 45. Rb8 Be5 46. Rxb7 Rxb7 47. f4 Bc7 48. Kd3 a4 49. Kc2 a3 50. b4 Ke7 51. Kb3 Ra7 52. c4 Bd6 53. c5 Bc7 54. b5 Rb7 55. Kb4 Rb8 56. Nc3 Ke6 57. Ne4 h6 58. Kc4 Kf5 59. Nc3 g5 60. Nd5 Bxf4 61. gxf4 gxf4 62. c6 f3 63. c7 Rf8 64. b6 f2 65. b7 f1Q+ 66. Kc5 Qc1+ 67. Kd6 Qc4 68. c8Q+ Rxc8 69. bxc8Q+ Qxc8 70. Ne7+ Ke4 71. Nxc8 h5 72. Kc5 h4 73. Nd6+ Kf4 74. Kd4 h3 75. Ne4 h2 76. Nf2 Kf3 77. Nh1 Kg2 78. Ke3 Kxh1 79. Kf2 1/2-1/2

[Event "Titled Tuesday intern op 23rd Jul Early"]
[Site "Chess.com INT"]
[Date "2024.07.23"]
[Round "2"]
[White "Yankelevich, Lev"]
[Black "Baylav, Can"]
[Result "1-0"]
[WhiteElo "2416"]
[BlackElo "2119"]
[PlyCount "41"]
[EventDate "2024.07.23"]
[EventType "swiss (blitz)"]
[EventRounds "11"]
[EventCountry "USA"]
[SourceTitle "EXT 2025"]
[Source "ChessBase"]
[SourceDate "2024.10.14"]
[SourceVersion "1"]
[SourceVersionDate "2024.10.14"]
[SourceQuality "1"]

1. e4 c5 2. a4 Nc6 3. Bb5 Nd4 4. Nf3 Nxf3+ 5. Qxf3 a6 6. Bc4 e6 7. Nc3 d6 8. 0-0 Nf6 9. d3 Be7 10. Bf4 0-0 11. e5 dxe5 12. Bxe5 Ra7 13. a5 b5 14. axb6 Qxb6 15. Qg3 Bb7 16. Rae1 Rd8 17. Bc7 Qxb2 18. Bxd8 Bxd8 19. Rb1 Qxc3 20. Qb8 Ra8 21. Qxb7 1-0

[Event "Titled Tuesday intern op 16th Jul Early"]
[Site "Chess.com INT"]
[Date "2024.07.16"]
[Round "4"]
[White "Aravindh, Chithambaram VR"]
[Black "Yankelevich, Lev"]
[Result "1-0"]
[WhiteElo "2703"]
[BlackElo "2416"]
[PlyCount "83"]
[EventDate "2024.07.16"]
[EventType "swiss (blitz)"]
[EventRounds "11"]
[EventCountry "USA"]
[SourceTitle "EXT 2025"]
[Source "ChessBase"]
[SourceDate "2024.10.14"]
[SourceVersion "1"]
[SourceVersionDate "2024.10.14"]
[SourceQuality "1"]

1. c3 Nf6 2. c4 e5 3. Nc3 Bb4 4. g3 Bxc3 5. dxc3 d6 6. Bg2 0-0 7. Qc2 a5 8. a4 Na6 9. b3 Nc5 10. Nf3 h6 11. 0-0 Bg4 12. Ba3 b6 13. Rad1 Qe7 14. Nh4 Rab8 15. Nf3 Qe6 16. Rfe1 Bh3 17. Bh1 Bf5 18. Qa2 Be4 19. Bg2 g5 20. Bc1 Kg7 21. Rf1 Qf5 22. Rd2 Ba8 23. Rb2 Nfe4 24. Bd2 Nxd2 25. Rxd2 h5 26. b4 Ne6 27. Qa1 h4 28. h3 Rh8 29. Qd1 g4 30. hxg4 Qxg4 31. Nh2 Qg6 32. g4 Bxg2 33. Kxg2 Nf4+ 34. Kh1 Ra8 35. e3 Ne6 36. Ra2 Qe4+ 37. Qf3 Qxc4 38. Rfa1 Qxc3 39. b5 Nc5 40. g5 Qd3 41. Qf6+ Kg8 42. g6 1-0

[Event "Titled Tuesday intern op 16th Jul Late"]
[Site "Chess.com INT"]
[Date "2024.07.16"]
[Round "2"]
[White "Goncalves, Samuel Jesus P"]
[Black "Yankelevich, Lev"]
[Result "0-1"]
[WhiteElo "2209"]
[BlackElo "2416"]
[PlyCount "38"]
[EventDate "2024.07.16"]
[EventType "swiss (blitz)"]
[EventRounds "11"]
[EventCountry "USA"]
[SourceTitle "EXT 2025"]
[Source "ChessBase"]
[SourceDate "2024.10.14"]
[SourceVersion "1"]
[SourceVersionDate "2024.10.14"]
[SourceQuality "1"]

1. d4 Nf6 2. Bg5 d5 3. Bxf6 exf6 4. e3 Be6 5. g3 Nd7 6. Bg2 f5 7. Ne2 Bd6 8. Nd2 c6 9. 0-0 h5 10. h4 g5 11. hxg5 Qxg5 12. Nf3 Qf6 13. Nh4 0-0-0 14. Nf4 Nf8 15. Nxh5 Qh6 16. Nf4 Ng6 17. Nf3 Bxf4 18. exf4 Nxf4 19. gxf4 Rdg8 0-1

[Event "Titled Tuesday intern op 16th Jul Early"]
[Site "Chess.com INT"]
[Date "2024.07.16"]
[Round "5"]
[White "Svane, Rasmus"]
[Black "Yankelevich, Lev"]
[Result "1-0"]
[WhiteElo "2633"]
[BlackElo "2416"]
[PlyCount "45"]
[EventDate "2024.07.16"]
[EventType "swiss (blitz)"]
[EventRounds "11"]
[EventCountry "USA"]
[SourceTitle "EXT 2025"]
[Source "ChessBase"]
[SourceDate "2024.10.14"]
[SourceVersion "1"]
[SourceVersionDate "2024.10.14"]
[SourceQuality "1"]

1. Nf3 a6 2. g3 h6 3. Bg2 Nf6 4. d4 e6 5. 0-0 d5 6. c4 Nc6 7. b3 Bd6 8. Bb2 0-0 9. Nbd2 a5 10. a3 b6 11. Qc2 Bb7 12. Ne5 Ne7 13. Rfd1 c5 14. dxc5 bxc5 15. cxd5 exd5 16. Nec4 Bc7 17. Bxf6 gxf6 18. Ne4 Ng6 19. Nxc5 Bc6 20. Ne3 Bb6 21. Nxd5 Bxd5 22. Bxd5 Qc7 23. Qxg6+ 1-0

[Event "Titled Tuesday intern op 16th Jul Late"]
[Site "Chess.com INT"]
[Date "2024.07.16"]
[Round "8"]
[White "Yankelevich, Lev"]
[Black "Orzech, Dominik"]
[Result "1-0"]
[WhiteElo "2416"]
[BlackElo "2248"]
[PlyCount "65"]
[EventDate "2024.07.16"]
[EventType "swiss (blitz)"]
[EventRounds "11"]
[EventCountry "USA"]
[SourceTitle "EXT 2025"]
[Source "ChessBase"]
[SourceDate "2024.10.14"]
[SourceVersion "1"]
[SourceVersionDate "2024.10.14"]
[SourceQuality "1"]

1. e4 c5 2. Nf3 Nc6 3. Bb5 Qc7 4. Nc3 Nf6 5. 0-0 Nd4 6. Re1 Ng4 7. e5 Nxf3+ 8. Qxf3 Nxe5 9. Qg3 a6 10. Nd5 Qd6 11. Qxe5 Qxe5 12. Rxe5 Kd8 13. Nb6 Rb8 14. Bf1 e6 15. a4 Kc7 16. a5 d5 17. Re1 Bd7 18. d3 Bd6 19. c4 Bc6 20. g3 h5 21. Bg2 h4 22. cxd5 exd5 23. Bxd5 hxg3 24. hxg3 Rh5 25. Bxc6 Kxc6 26. Nc4 Bc7 27. Bf4 Bxf4 28. gxf4 Rbh8 29. Kf1 f6 30. Ke2 Rh3 31. Kd2 Rd8 32. Re3 Rh2 33. Ke2 1-0

[Event "Titled Tuesday intern op 16th Jul Late"]
[Site "Chess.com INT"]
[Date "2024.07.16"]
[Round "5"]
[White "Yankelevich, Lev"]
[Black "Prithu, Gupta"]
[Result "1-0"]
[WhiteElo "2416"]
[BlackElo "2440"]
[PlyCount "55"]
[EventDate "2024.07.16"]
[EventType "swiss (blitz)"]
[EventRounds "11"]
[EventCountry "USA"]
[SourceTitle "EXT 2025"]
[Source "ChessBase"]
[SourceDate "2024.10.14"]
[SourceVersion "1"]
[SourceVersionDate "2024.10.14"]
[SourceQuality "1"]

1. d4 Nf6 2. c4 e6 3. Nc3 d5 4. Bg5 Be7 5. e3 0-0 6. Nf3 c6 7. Qc2 Nbd7 8. Rd1 b6 9. a3 Bb7 10. Bd3 Rc8 11. 0-0 c5 12. cxd5 exd5 13. Bf5 g6 14. Bh3 Ne4 15. Bxe7 Qxe7 16. Qb3 c4 17. Qc2 f5 18. Rfe1 Ndf6 19. Ne5 Ng5 20. f3 a6 21. Qf2 Nxh3+ 22. gxh3 Nd7 23. f4 b5 24. Kh1 Bc6 25. Rg1 Nxe5 26. fxe5 a5 27. Ne2 g5 28. Rxg5+ 1-0

[Event "Titled Tuesday intern op 16th Jul Late"]
[Site "Chess.com INT"]
[Date "2024.07.16"]
[Round "3"]
[White "Yankelevich, Lev"]
[Black "Xiong, Jeffery"]
[Result "0-1"]
[WhiteElo "2416"]
[BlackElo "2646"]
[PlyCount "80"]
[EventDate "2024.07.16"]
[EventType "swiss (blitz)"]
[EventRounds "11"]
[EventCountry "USA"]
[SourceTitle "EXT 2025"]
[Source "ChessBase"]
[SourceDate "2024.10.14"]
[SourceVersion "1"]
[SourceVersionDate "2024.10.14"]
[SourceQuality "1"]

1. d4 Nf6 2. Nf3 g6 3. Nc3 d5 4. Bf4 Bg7 5. Nb5 Na6 6. e3 0-0 7. Be2 Nh5 8. Bg5 h6 9. Bh4 c6 10. Nc3 g5 11. Nd2 Nf4 12. exf4 gxh4 13. Nf3 h3 14. g3 Qb6 15. a3 Bg4 16. Ne5 Qxb2 17. Bxg4 Qxc3+ 18. Ke2 Nc7 19. Qd3 Nb5 20. Qxc3 Nxc3+ 21. Kd3 Ne4 22. Rhf1 Bxe5 23. dxe5 f6 24. exf6 Rxf6 25. Bxh3 e5 26. Bg2 Nc5+ 27. Kc3 exf4 28. Rae1 f3 29. Bh3 Ne4+ 30. Kd3 h5 31. Re3 Kf7 32. c4 Ng5 33. Rb1 Nxh3 34. Rxb7+ Kg6 35. Ree7 Nxf2+ 36. Kd4 c5+ 37. Kxc5 Nd3+ 38. Kd4 f2 39. h4 Rg8 40. Re5 Nxe5 0-1

[Event "Quenza Rapid op 13th"]
[Site "Quenza"]
[Date "2024.07.07"]
[Round "4"]
[White "Yankelevich, Lev"]
[Black "Bellahcene, Bilel"]
[Result "0-1"]
[WhiteElo "2416"]
[BlackElo "2535"]
[PlyCount "72"]
[EventDate "2024.07.07"]
[EventType "swiss (rapid)"]
[EventRounds "9"]
[EventCountry "FRA"]
[SourceTitle "CBM 221 Extra"]
[Source "ChessBase"]
[SourceDate "2024.09.30"]
[SourceVersion "1"]
[SourceVersionDate "2024.09.30"]
[SourceQuality "1"]

1. d4 e6 2. Nf3 Nf6 3. e3 b6 4. Bd3 Bb7 5. 0-0 d5 6. Nbd2 Bd6 7. b3 Ne4 8. Bb2 Nd7 9. c4 Nxd2 10. Nxd2 0-0 11. Nf3 Qe7 12. Rc1 h6 13. Qe2 Rad8 14. Bb1 dxc4 15. Qxc4 Bxf3 16. gxf3 Qg5+ 17. Kh1 Qh5 18. f4 Qf3+ 19. Kg1 Nf6 20. Qc6 Qe2 21. Rc2 Qh5 22. Qg2 Nd5 23. Kh1 f5 24. Rg1 Rd7 25. Rcc1 g5 26. fxg5 Rg7 27. f4 hxg5 28. Qf2 gxf4 29. Rxg7+ Kxg7 30. Rg1+ Kf7 31. e4 Ne3 32. d5 e5 33. exf5 Rh8 34. Rg6 Qd1+ 35. Rg1 Qxd5+ 36. Rg2 Rg8 0-1